000 00601nam a22002177a 4500
003 UA-OsUOA
001 52079
007 ta
008 20080129b un ||||| |||| 00| 0 ukr d
100 _aКостюкевич О.
090 _a82
_bК-72
942 _cSA
040 _aUA-OsUOA
_bukr
_cUA-OsUOA
_dUA-OsUOA
245 _aВ Острозькій академії слухають живий голос Василя Стуса.
300 _aС.1
955 _a0
041 _aukr
080 _a82
773 0 _w52077
650 7 _a82 Література. Літературознавство
_2UDC
999 _c338157
_d338157